An analysis of online accommodation reservation websites - understanding customers' perceptions to enhance impact on industry

Bibliographic Details
Main Author: Tran Anh Tuan
Other Authors: Szabolcs Zoltán
Format: Thesis
Kulcsszavak:Accomodation
Reservation
Analysis
Online Access:http://dolgozattar.uni-bge.hu/11168

MARC

LEADER 00000nta a2200000 i 4500
001 dolg11168
005 20170628144355.0
008 170516suuuu hu om 000 eng d
040 |a BGE Dolgozattár Repozitórium  |b hun 
041 |a en 
100 1 |a Tran Anh Tuan 
245 1 3 |a An analysis of online accommodation reservation websites - understanding customers' perceptions to enhance impact on industry  |c Tran Anh Tuan  |h [elektronikus dokumentum] 
695 |a Accomodation 
695 |a Reservation 
695 |a Analysis 
700 1 |a Szabolcs Zoltán  |e ths 
856 4 0 |u http://dolgozattar.uni-bge.hu/11168/1/PRINT%20DISSERTATION%20FINAL.pdf  |z Dokumentum-elérés